01143nam a2200193Ia 4500001000900000003001000009008004100019040002500060041001300085100002100098245003800119250001100157260009300168300001200261500026400273501011400537520026400651650003400915L070-379IT-CnALBA170116s9999||||xx |||||||||||||| ||und|| aIT-CnALBAcIT-CnALBA aITALIANO aSURY D'ASPREMONT 0aLA PRESSE A TRAVERS LES AGES+B482 a1a ed. aBRUGES & PARISbDESCLEE DE BROUWER ET C. c1929 [1° Ed.:1929 - Ed.Ling.Originale: 1929] a268 p.  aFRANCIA INGHILTERRA GERMANIA STATI UNITI. STAMPA IN FRANCIA: ORIGINE CARATTERISTICHE LEGISLAZIONE LIBERTÀ. I PIÙ ANTICHI GIORNALI FRANCESI. STATISTICHE. GIORNALI A CARATTERE PROFESSIONALE. STAMPA IN ALSAZIA E LORENA. STAMPA IN GERMANIA: ORIGINE CARATTERIS aSocietà San Paolo EM - Piazza San Paolo, 14 - 12051 ALBA (CN) (non commercial uses only) ® Copyright 2017 aFRANCIA INGHILTERRA GERMANIA STATI UNITI. STAMPA IN FRANCIA: ORIGINE CARATTERISTICHE LEGISLAZIONE LIBERTÀ. I PIÙ ANTICHI GIORNALI FRANCESI. STATISTICHE. GIORNALI A CARATTERE PROFESSIONALE. STAMPA IN ALSAZIA E LORENA. STAMPA IN GERMANIA: ORIGINE CARATTERIS aGIORNALISMO EDITORIA GIORNALI